000 00507nam a2200193Ia 4500
005 20250326144922.0
008 250326s9999 xx 000 0 und d
020 _a978-81-7194-520-7
037 _aTextbook
040 _aFMSL
_beng
_cFMSL
041 _aeng
_2eng
084 _aX:8D P9
_qFMSL
100 _aKishore Ravi M
245 0 _aFicial management
_cKishore Ravi M
260 _aN.D
_bN.D, Taxmann Pub.
_c2009
300 _a1293p
942 _cTB
_hX:8D P9
999 _c1305618
_d1305618